Southville International School and Colleges
Your cart is empty.
  • Cart
  • Lists
    Public lists Eva Luna New books Lux_list list_1
    Your lists Log in to create your own lists
  • Log in to your account
  • Your cookies
  • Search history
Southville International School and Colleges
  • Advanced search
  • Recent comments
  • Most popular
  • Libraries

Log in to your account

Log in with GOOGLE


If you do not have an external account, but do have a local account, you can still log in:

  1. Home
  2. MARC view: The Prentice hall dictionary of culinary arts /
Normal view MARC view ISBD view

The Prentice hall dictionary of culinary arts / (Record no. 363415)

[ view plain ]
MARC details
000 -LEADER
fixed length control field 00697nam a2200229Ia 4500
008 - FIXED-LENGTH DATA ELEMENTS--GENERAL INFORMATION
fixed length control field 200601s9999 xx 000 0 und d
020 ## - INTERNATIONAL STANDARD BOOK NUMBER
International Standard Book Number 978-81-06-9706-8
050 ## - LIBRARY OF CONGRESS CALL NUMBER
Classification number REF TX 349
050 ## - LIBRARY OF CONGRESS CALL NUMBER
Item number .L33 2006
100 ## - MAIN ENTRY--PERSONAL NAME
Personal name Labensky, Steven R.
245 #4 - TITLE STATEMENT
Title The Prentice hall dictionary of culinary arts /
245 #0 - TITLE STATEMENT
Statement of responsibility, etc Steven R. Labensky, Gaye G. Ingram, Sarah R. Labensky; illustrations by William E. Ingram.
250 ## - EDITION STATEMENT
Edition statement 2nd Edition
260 ## - PUBLICATION, DISTRIBUTION, ETC. (IMPRINT)
Place of publication, distribution, etc Singapore :
260 ## - PUBLICATION, DISTRIBUTION, ETC. (IMPRINT)
Name of publisher, distributor, etc Pearson Education South Asia Pte Ltd.
260 ## - PUBLICATION, DISTRIBUTION, ETC. (IMPRINT)
Date of publication, distribution, etc 2006
300 ## - PHYSICAL DESCRIPTION
Extent 522 pages :
300 ## - PHYSICAL DESCRIPTION
Other physical details illustrations ;
300 ## - PHYSICAL DESCRIPTION
Dimensions 25 cm.
650 ## - SUBJECT ADDED ENTRY--TOPICAL TERM
Topical term or geographic name as entry element Food -- Dictionaries.
650 ## - SUBJECT ADDED ENTRY--TOPICAL TERM
General subdivision Cookery -- Dictionaries.
Holdings
Withdrawn status Lost status Damaged status Home library Current library Shelving location Date acquired Total Checkouts Full call number Barcode Date last seen Price effective from Koha item type
      South Mansfield College South Mansfield College Reference Section 06/01/2020   REF TX 349 .L33 2006 SMC05481 06/01/2020 06/01/2020 Books

The Prentice hall dictionary of culinary arts /

APA

Labensky S. R., .The Prentice hall dictionary of culinary arts. Singapore: .

Chicago

Labensky Steven R, .The Prentice hall dictionary of culinary arts. Singapore: .

Harvard

Labensky S. R., .The Prentice hall dictionary of culinary arts. Singapore: .

MLA

Labensky Steven R, .Singapore: . .

  • Place hold
  • Print
  • Cite
  • Add to your cart (remove)
  • Save record
    BIBTEX Dublin Core MARCXML MARC (non-Unicode/MARC-8) MARC (Unicode/UTF-8) MARC (Unicode/UTF-8, Standard) MODS (XML) RIS
  • More searches
    Search for this title in:
    Other Libraries (WorldCat) Other Databases (Google Scholar) Online Stores (Bookfinder.com) Open Library (openlibrary.org)

Exporting to Dublin Core...

SOUTHVILLE LIBRARY

Southville International School and Colleges Library

1281 Tropical Ave. Cor. Luxembourg St., BF Homes International, Las Pinas City

Tel. No. 8256374 / 252358 Loc. 117/146

Powered by Koha